000
00342nam a2200145Ia 4500
005
20250325070642.0
008
240331s9999 xx 000 0 und d
082
_b
SOM
_a
894
100
_a
Somu, M
245
0
_a
Ellai thanda agathigal
260
_a
Tiruchi
_b
Tamil Kural Pathipakkam
_c
1994
300
_a
206 p.,
650
_a
Novel
942
_c
L
999
_c
3770
_d
3770